000 00588nam a2200181Ia 4500
008 090123s9999 xx 000 0 und d
082 _b30359
100 _aओक चारुशिला
245 _aकुन्नी आणि आईचं बाळ
250 _a1
260 _bपराग प्रकाशन
300 _a170
600 _aओक चारुशिला
630 _aकुन्नी आणि आईचं बाळ
700 _aओक चारुशिला
730 _aकुन्नी आणि आईचं बाळ
942 _cBOOK
999 _c65424
_d65424